000 00725nam a2200217Ia 4500
001 245
005 20251203123021.0
008 251203t1948||||xx |||||||||||||| ||spa||
041 _aESP
082 _a869.502
_bM64
100 _aMiró Quesada Sosa, Aurelio,
_cprólogo
245 0 _aTeatro peruano contemporáneo
_b
260 _aLima :
_bEditorial Huascarán,
_c1948
300 _a324 páginas :
_b
_c 21 cm.
_e
440 _a
_n
_v
505 _aContiene: Don Quijote / Juan Ríos. – Esa luna que empieza / Percy Gibson Parra. – Amor, gran laberinto / Sebastián Salazar Bondy. (Tres premios nacionales)
650 _aLYR
653 _aLiteratura peruana; Teatro peruano
654 _aCTP
942 _cLIB
_dJUS
_fMAT
_2ddc
_n
999 _c245
_d245